LEADER 00940nam a2200217 i 4500 001 000000184675 003 CaOOAMICUS 005 20100115000000.0 008 100115s1904 it u000 u ita u 013 $a162657 040 $aSeMil$bita 100 1 $aSpagnolo, Antonio.$0(OLS)http://semarc/name/67854 245 13$aLe scuole accolitali in Verona /$cSac. Antonio Spagnolo. 260 $aVerona :$bStab. tipo-litografico G. Franchini,$c1904. 300 $a234 p. ;$c24 cm. 650 4$aSacerdoti cattolici - Formazione - Verona .$0(OLS)http://semarc/subject/34876 650 4$aVerona - Storia ecclesiastica.$0(OLS)http://semarc/subject/34877 850 $aSeMil 852 $aSeMil$W1$xVenegono$y1$m3E IV 123$j135370$B135370$CSeMilBibl$Z2$F146925 $81 996 $6245$aLe scuole accolitali in Verona$9(OLS)http://semarc/title/265157 996 $6260$aVerona :$bStab. tipo-litografico G. Franchini$9(OLS)http://semarc/publisher/49796 LEADER 00840nam a2200217 4500 001 000000341665 003 CaOOAMICUS 005 20201002082012.0 008 200824s2019 gw d 000 u ger r 020 $a978-3-506-78638-8 040 $aSeMil$bita 245 00$a2: F-K. 264 1$aPaderborn :$bFerdinand Schöningh,$c2019. 300 $aXXXV, 1118 p. ;$c25 cm 773 0 $tLexikon für Kirchen- und Religionsrecht.$dPaderborn : Ferdinand Schöningh, 2019-$g2$w()341663 850 $aSeMil 852 $aSeMil$W1$xVenegono$y1$mSL1.Q IV 52$j221022$B232685$CSeMilBibl$Z2$F232685 $8I 996 $6020$a978-3-506-78638-8$9(OLS)http://semarc/number/291393 996 $6245$a2: F-K$9(OLS)http://semarc/title/430602 996 $6264$aPaderborn :$bFerdinand Schöningh$9(OLS)http://semarc/publisher/31027